000
00333 a2200157 4500
001
179684
020
_a
040
_c
Magnum
100
_a
Lessa, Origenes
240
1
0
_a
Assim falou o 833
_l
por
245
1
0
_a
Assim falou o 833
362
0
_a
1899
440
1
_a
Salamandra
697
_a
MAGNITO: IJ/FADAS, FANTASIA
942
_c
BK
999
_c
179684
_d
179684